Anuario estadístico 1958 [de la Comisión Nacional de Seguros] /

Furkejuvvon:
Bibliográfalaš dieđut
Váldodahkki: México. Secretaría de Hacienda y Crédito Público. Comisión Nacional de Seguros y Fianzas
Materiálatiipa: Girji
Giella:espánnjágiella
Almmustuhtton: México : Comisión Nacional de Seguros y Fianzas, 1958
Fáddágilkorat: Lasit fáddágilkoriid
Eai fáddágilkorat, Lasit vuosttaš fáddágilkora!

MARC

LEADER 00000nam^a2200000^a^4500
001 000442127
005 20250526000000.0
009 20260310123420.473
037 |a Acervo ITESO - Biblioteca 
041 |a ESP 
091 |a FHM. 10502 
100 |a México.  |b Secretaría de Hacienda y Crédito Público. Comisión Nacional de Seguros y Fianzas 
245 1 0 |a Anuario estadístico 1958 [de la Comisión Nacional de Seguros] / 
264 1 |a México :  |b Comisión Nacional de Seguros y Fianzas,  |c 1958 
300 |a 232 p. ;  |c 22.5 cm. 
336 |a texto  |b txt  |2 rdacontenido 
337 |a sin mediación  |b n  |2 rdamedio 
338 |a volumen  |b nc  |2 rdasoporte 
649 |a XX 
910 |a Fondo Hugo B. Margáin 
920 |a Impresos - Libros 
930 |a Libros Antiguos y Raros 
905 |a 126 
901 |a 0500313507  |b IT2  |c LRA  |i D119898  |u 20250526 
902 |a https://opac.biblio.iteso.mx/vufind/Record/000442127